[Event "FIDE World Bl Team Pool D"]
[Site "London ENG"]
[Date "2025.06.14"]
[Round "10.3"]
[White "Shearsby, Jude"]
[Black "Mamedov, Edgar"]
[Result "1/2-1/2"]
[WhiteTitle "CM"]
[BlackTitle "IM"]
[WhiteElo "2160"]
[BlackElo "2509"]
[WhiteTeam "English Knightmares"]
[BlackTeam "Barys.kz"]
[WhiteFideId "462527"]
[BlackFideId "13739980"]
[EventDate "2025.06.14"]
[EventType "team"]

1. e4 c5 2. Nf3 Nc6 3. Bb5 e6 4. b3 Nge7 5. Bb2 a6 6. Bxc6 Nxc6 7. O-O d6 8. d4
cxd4 9. Nxd4 Nxd4 10. Qxd4 e5 11. Qe3 Be7 12. Rd1 Qc7 13. c4 Bg4 14. f3 Be6 15.
Nc3 Qc6 16. Kh1 O-O 17. Rac1 h6 18. Qd3 Rad8 19. a4 f5 20. exf5 Rxf5 21. Nd5 Bg5
22. Rc2 Rf7 23. Re2 Bf5 24. Qc3 b5 25. axb5 axb5 26. Nb4 Qb6 27. Nd5 Qb7 28. Bc1
bxc4 29. Bxg5 hxg5 30. bxc4 Qc6 31. Qe3 Qxc4 32. Qxg5 Re8 33. Red2 Be6 34. Ne3
Qf4 35. Qxf4 exf4 36. Nc2 d5 1/2-1/2

[Event "FIDE World Bl Team Pool D"]
[Site "London ENG"]
[Date "2025.06.14"]
[Round "10.5"]
[White "Hng, Mei-En Emmanuelle"]
[Black "Kairbekova, Amina"]
[Result "1-0"]
[WhiteTitle "WFM"]
[BlackTitle "WIM"]
[WhiteElo "2136"]
[BlackElo "2317"]
[WhiteTeam "English Knightmares"]
[BlackTeam "Barys.kz"]
[WhiteFideId "5804566"]
[BlackFideId "13712799"]
[EventDate "2025.06.14"]
[EventType "team"]

1. e4 e5 2. d4 exd4 3. c3 d3 4. Bxd3 d6 5. Nf3 Nf6 6. h3 Be7 7. O-O O-O 8. Re1
Nc6 9. c4 Ne5 10. Bf1 Be6 11. b3 Nfd7 12. Nc3 Bf6 13. Bb2 Re8 14. Rb1 a5 15. Nd4
c6 16. f4 Qb6 17. Na4 Qa7 18. Kh1 Ng6 19. f5 Rad8 20. fxg6 hxg6 21. Nxe6 Rxe6
22. Bxf6 Rxf6 23. c5 dxc5 24. e5 Rf5 25. Nc3 Qb8 26. e6 fxe6 27. Qe2 Re8 28. Ne4
Ne5 29. Rbd1 Nf7 30. Rd7 Re5 31. Qd3 Rf5 32. Nd6 Ne5 33. Rxe5 Rxe5 34. Qc3 Rd5
35. Qxg7# 1-0

[Event "FIDE World Bl Team Pool D"]
[Site "London ENG"]
[Date "2025.06.14"]
[Round "10.6"]
[White "Nurakyn, Suleiman"]
[Black "Jain, Gautam"]
[Result "1-0"]
[WhiteElo "1773"]
[BlackElo "1979"]
[WhiteTeam "Barys.kz"]
[BlackTeam "English Knightmares"]
[WhiteFideId "447003073"]
[BlackFideId "425311"]
[EventDate "2025.06.14"]
[EventType "team"]

1. d4 f5 2. e4 fxe4 3. Nc3 Nf6 4. Bg5 g6 5. Bxf6 exf6 6. Nxe4 Qe7 7. Qe2 Bg7 8.
Nf3 O-O 9. Nc3 Qxe2+ 10. Bxe2 c6 11. d5 d6 12. O-O-O Rd8 13. Bc4 c5 14. Rhe1 a6
15. a4 Bg4 16. Re7 Nd7 17. Rde1 b5 18. axb5 axb5 19. Bxb5 Ne5 20. Nxe5 Ra1+ 21.
Nb1 Bh6+ 22. Re3 Bxe3+ 23. fxe3 dxe5 24. Bc4 Rd6 25. b3 Bd7 26. Kb2 Ra8 27. Nc3
Rd8 28. Ne4 Bf5 29. Nxd6 Rxd6 30. Rc7 Be4 31. Rxc5 Bxg2 32. b4 Kf8 33. b5 Ke7
34. Bb3 Rb6 35. c4 Kd6 36. Rc8 Rb7 37. c5+ Kd7 38. Rh8 Kc7 39. Rxh7+ Kb8 40.
Rh8+ Ka7 41. b6+ Ka6 42. Bc4+ Ka5 43. Ka3 1-0

[Event "FIDE World Bl Team Pool D"]
[Site "London ENG"]
[Date "2025.06.14"]
[Round "10.1"]
[White "Amartuvshin, Ganzorig"]
[Black "Medal Paves, Jose Maria"]
[Result "1-0"]
[WhiteTitle "IM"]
[WhiteElo "2430"]
[BlackElo "1968"]
[WhiteTeam "Mongolia-A"]
[BlackTeam "REY AHOGADO"]
[WhiteFideId "4902548"]
[BlackFideId "24501492"]
[EventDate "2025.06.14"]
[EventType "team"]

1. Nf3 Nf6 2. g3 g6 3. Bg2 Bg7 4. O-O O-O 5. d4 d6 6. c4 Nc6 7. Nc3 a6 8. Bf4
Rb8 9. Rc1 Bd7 10. Nd5 e6 11. Nxf6+ Bxf6 12. d5 Ne5 13. b4 Bg7 14. Nxe5 dxe5 15.
Be3 exd5 16. cxd5 f5 17. Qc2 Rc8 18. Qb3 Kh8 19. a4 Qe8 20. a5 Qd8 21. d6 cxd6
22. Bxb7 Bb5 23. Rxc8 Qxc8 24. Bxc8 Rxc8 25. Qe6 1-0

[Event "FIDE World Bl Team Pool D"]
[Site "London ENG"]
[Date "2025.06.14"]
[Round "10.2"]
[White "Schneider Sanchez, Carlos D."]
[Black "Munkhdalai, Amilal"]
[Result "0-1"]
[BlackTitle "IM"]
[WhiteElo "2003"]
[BlackElo "2385"]
[WhiteTeam "REY AHOGADO"]
[BlackTeam "Mongolia-A"]
[WhiteFideId "22230440"]
[BlackFideId "4903250"]
[EventDate "2025.06.14"]
[EventType "team"]

1. c4 Nf6 2. d4 e6 3. Nf3 d5 4. g3 dxc4 5. Qa4+ Nbd7 6. Qxc4 a6 7. Qc2 b5 8. Bg2
Bb7 9. O-O c5 10. dxc5 Bxc5 11. Nc3 Rc8 12. Qb3 O-O 13. Bf4 Qe7 14. a4 b4 15. a5
Bxf3 16. Bxf3 bxc3 17. bxc3 e5 18. Bg5 h6 19. Bd2 e4 20. Bg2 e3 21. fxe3 Bxe3+
22. Bxe3 Qxe3+ 23. Kh1 Rxc3 24. Qa4 Qxe2 25. Rae1 Qb5 26. Qh4 Qxa5 27. Re2 Qc5
28. Ref2 Rc1 29. h3 Re8 30. Kh2 0-1

[Event "FIDE World Bl Team Pool D"]
[Site "London ENG"]
[Date "2025.06.14"]
[Round "10.3"]
[White "Munkhzul, Turmunkh"]
[Black "Henriquez Garcia, David"]
[Result "1-0"]
[WhiteTitle "WGM"]
[WhiteElo "2236"]
[BlackElo "1905"]
[WhiteTeam "Mongolia-A"]
[BlackTeam "REY AHOGADO"]
[WhiteFideId "4901878"]
[BlackFideId "2204320"]
[EventDate "2025.06.14"]
[EventType "team"]

1. e4 e5 2. Nf3 Nc6 3. Bb5 a6 4. Bxc6 dxc6 5. Nc3 Bd6 6. d4 exd4 7. Qxd4 Bf8 8.
Qxd8+ Kxd8 9. Bf4 Bb4 10. O-O-O+ Ke7 11. Bxc7 Bxc3 12. bxc3 Bg4 13. Rd3 Rc8 14.
Bd6+ Kf6 15. Ne5 Be6 16. Rf3+ Kg5 17. h4+ Kh6 18. Nxf7+ Bxf7 19. Rxf7 1-0

[Event "FIDE World Bl Team Pool D"]
[Site "London ENG"]
[Date "2025.06.14"]
[Round "10.4"]
[White "Cujba, Anca-Claudia"]
[Black "Gan-Od, Sereenen"]
[Result "0-1"]
[BlackTitle "FM"]
[WhiteElo "1741"]
[BlackElo "2320"]
[WhiteTeam "REY AHOGADO"]
[BlackTeam "Mongolia-A"]
[WhiteFideId "1215612"]
[BlackFideId "4901304"]
[EventDate "2025.06.14"]
[EventType "team"]

1. e4 c6 2. d4 d5 3. Nc3 dxe4 4. Nxe4 Nf6 5. Nxf6+ gxf6 6. Be3 h5 7. Bd3 h4 8.
Qd2 Nd7 9. h3 a5 10. Nf3 a4 11. c4 Nb6 12. Qc2 Nd7 13. Bh7 Qa5+ 14. Bd2 Qh5 15.
Bd3 Rg8 16. Rg1 Bh6 17. Be2 a3 18. b3 Bxd2+ 19. Qxd2 Nf8 20. Rd1 Qa5 21. d5
Qxd2+ 22. Rxd2 Bf5 23. Kf1 Rh8 24. dxc6 bxc6 25. Nd4 Bd7 26. Bf3 Rc8 27. Ke2 Ng6
28. Rgd1 Ne5 29. Be4 c5 30. Nf5 Bxf5 31. Bxf5 Rb8 32. Bc2 Nc6 33. Kf1 Nd4 34.
Be4 e5 35. f4 Ke7 36. fxe5 fxe5 37. Rf2 Rh6 38. Bd5 f5 39. Re1 Kd6 40. Rd2 Rg6
41. Kf2 Rg3 42. Re3 Rxe3 43. Rd1 0-1

[Event "FIDE World Bl Team Pool D"]
[Site "London ENG"]
[Date "2025.06.14"]
[Round "10.5"]
[White "Uuriintuya, Uurtsaikh"]
[Black "Heimbaecher, Peter"]
[Result "1-0"]
[WhiteTitle "WGM"]
[WhiteElo "2141"]
[BlackElo "1804"]
[WhiteTeam "Mongolia-A"]
[BlackTeam "REY AHOGADO"]
[WhiteFideId "4900227"]
[BlackFideId "24617431"]
[EventDate "2025.06.14"]
[EventType "team"]

1. e4 e5 2. Nf3 f5 3. Nxe5 d6 4. Nc4 Nf6 5. e5 dxe5 6. Nxe5 Bd6 7. Nf3 O-O 8.
Be2 b6 9. d4 Bb7 10. Nc3 Nbd7 11. Qd3 Be4 12. Qc4+ Kh8 13. Ng5 Qe7 14. Ngxe4
fxe4 15. Bg5 h6 16. Bh4 c5 17. O-O-O cxd4 18. Qxd4 Be5 19. Qd2 Rad8 20. Kb1 Nc5
21. Qe3 Qc7 22. Bxf6 Bxf6 23. Nd5 Qe5 24. Nxf6 Rxd1+ 25. Rxd1 Qxf6 26. f3 Re8
27. fxe4 Rxe4 28. Qf3 Qe7 29. Bd3 Re6 30. Qa8+ Qe8 31. Qxe8+ Rxe8 32. Bg6 Rf8
33. h4 Ne6 34. g3 Rd8 35. Re1 Nf8 36. Bd3 g5 37. h5 Kg7 38. Re7+ Kf6 39. Rxa7
Rb8 40. b3 Ne6 41. Rd7 Nc5 42. Rd6+ Ke5 43. Rxh6 Kd4 44. Bf5 Re8 45. Kb2 b5 46.
g4 b4 47. Rd6+ Ke5 48. Rc6 Ne4 49. Bxe4 Kxe4 50. h6 Rh8 51. Rc4+ Kd5 52. Rxb4
Rxh6 53. Rb5+ Kc6 54. Rxg5 Rh2 55. a4 1-0

[Event "FIDE World Bl Team Pool D"]
[Site "London ENG"]
[Date "2025.06.14"]
[Round "10.1"]
[White "Balogh, Csaba"]
[Black "Orozbaev, Eldiyar"]
[Result "1-0"]
[WhiteTitle "GM"]
[BlackTitle "IM"]
[WhiteElo "2544"]
[BlackElo "2367"]
[WhiteTeam "Team Hungary"]
[BlackTeam "Noval Group Kyrgyzstan"]
[WhiteFideId "718939"]
[BlackFideId "13802240"]
[EventDate "2025.06.14"]
[EventType "team"]

1. e4 e6 2. d4 d5 3. Nd2 c5 4. exd5 Qxd5 5. dxc5 Bxc5 6. Ngf3 Nf6 7. Bc4 Qh5 8.
O-O O-O 9. Qe2 Nc6 10. Ne4 Nxe4 11. Qxe4 Rd8 12. Bg5 Re8 13. Rad1 e5 14. h3 h6
15. Be3 Bf5 16. Qh4 Qxh4 17. Nxh4 Bxe3 18. Nxf5 Bb6 19. Rd7 Nd8 20. Rfd1 Kf8 21.
a4 e4 22. Nd6 Re7 23. Rxe7 Kxe7 24. Nxe4 Rc8 25. Bb3 Nc6 26. Nd6 Rc7 27. Nf5+
Kf6 28. g4 Bc5 29. Kg2 g6 30. Nd6 Re7 31. Rd5 Bb6 32. Nc8 Re2 33. Nxb6 axb6 34.
Rd7 Ne5 35. Rxb7 Kg5 36. Kg3 Kf6 37. f4 Re3+ 38. Kg2 1-0

[Event "FIDE World Bl Team Pool D"]
[Site "London ENG"]
[Date "2025.06.14"]
[Round "10.2"]
[White "Sharshenbekov, Emir"]
[Black "Kantor, Gergely"]
[Result "0-1"]
[WhiteTitle "CM"]
[BlackTitle "GM"]
[WhiteElo "2091"]
[BlackElo "2584"]
[WhiteTeam "Noval Group Kyrgyzstan"]
[BlackTeam "Team Hungary"]
[WhiteFideId "13810634"]
[BlackFideId "751499"]
[EventDate "2025.06.14"]
[EventType "team"]

1. e4 e5 2. Nf3 Nc6 3. Nc3 Nf6 4. Bb5 Nd4 5. Bc4 Bc5 6. O-O d6 7. h3 c6 8. a4
Nxf3+ 9. Qxf3 g5 10. Ne2 g4 11. Qb3 Qe7 12. d4 exd4 13. Bg5 h6 14. Bh4 Rg8 15.
Ng3 gxh3 16. Qf3 hxg2 17. Rfe1 Rg5 18. Nf5 Qe5 19. Nxh6 Bg4 20. Qg3 Rh5 21.
Qxe5+ dxe5 22. Bxf6 Rxh6 23. Bxe5 d3 24. Bh2 0-1

[Event "FIDE World Bl Team Pool D"]
[Site "London ENG"]
[Date "2025.06.14"]
[Round "10.3"]
[White "Erdos, Viktor"]
[Black "Zhakshylykov, Erzhan"]
[Result "0-1"]
[WhiteTitle "GM"]
[BlackTitle "IM"]
[WhiteElo "2545"]
[BlackElo "2362"]
[WhiteTeam "Team Hungary"]
[BlackTeam "Noval Group Kyrgyzstan"]
[WhiteFideId "719978"]
[BlackFideId "13804111"]
[EventDate "2025.06.14"]
[EventType "team"]

1. d4 Nf6 2. c4 e6 3. Nc3 d5 4. cxd5 exd5 5. Bg5 c6 6. e3 Be7 7. Bd3 Nbd7 8.
Nge2 O-O 9. O-O Re8 10. Qc2 h6 11. Bh4 b5 12. a3 a5 13. f3 Ba6 14. e4 b4 15.
Bxa6 bxc3 16. Bb7 Rb8 17. Bxc6 Rxb2 18. Qxc3 Rxe2 19. Bb5 Rxg2+ 20. Kxg2 dxe4
21. fxe4 Nxe4 22. Bxe7 Qxe7 23. Qe3 Qd6 24. Rae1 Re6 25. Bc4 Rg6+ 26. Kh1 Nef6
27. Qf3 Nf8 28. Rd1 Rg5 29. Rg1 Ng6 30. Rxg5 hxg5 31. Qg3 Qc6+ 32. d5 Qxc4 33.
d6 Qc6+ 34. Qg2 Qd7 35. Qxg5 Ne4 36. Qg2 Nc3 37. Rd3 Na4 38. Qa8+ Kh7 39. Rd1
Nf4 40. Qe4+ Ng6 41. Rd3 Nc5 42. Qe2 Nf4 0-1

[Event "FIDE World Bl Team Pool D"]
[Site "London ENG"]
[Date "2025.06.14"]
[Round "10.4"]
[White "Iunusov, Nuriddin"]
[Black "Kozak, Adam"]
[Result "0-1"]
[WhiteTitle "CM"]
[BlackTitle "GM"]
[WhiteElo "1953"]
[BlackElo "2587"]
[WhiteTeam "Noval Group Kyrgyzstan"]
[BlackTeam "Team Hungary"]
[WhiteFideId "13803026"]
[BlackFideId "753246"]
[EventDate "2025.06.14"]
[EventType "team"]

1. e4 c5 2. c3 Nf6 3. e5 Nd5 4. d4 cxd4 5. cxd4 e6 6. Nf3 Nc6 7. Bd3 d6 8. O-O
a6 9. Re1 dxe5 10. dxe5 Be7 11. a3 b5 12. Qe2 Bb7 13. Be4 Na5 14. Nbd2 Rc8 15.
Nf1 Nb3 16. Rb1 h5 17. h3 Qd7 18. h4 Nxc1 19. Rbxc1 Rxc1 20. Rxc1 Qd8 21. g3 O-O
22. Nd4 g6 23. Nxe6 fxe6 24. Bxg6 Qb6 25. Rc2 Bc5 26. Qxh5 Bxf2+ 27. Kh2 Bxg3+
28. Nxg3 Rf2+ 29. Rxf2 Qxf2+ 30. Kh3 Nf4+ 31. Kg4 Nxh5 32. Nxh5 Bf3+ 33. Kg5
Bxh5 34. Bxh5 Kg7 35. Bg4 Qg3 36. h5 Qxe5+ 37. Kh4 Kh6 38. b4 Qh2+ 39. Bh3 Qf4+
40. Bg4 e5 41. Kh3 e4 0-1

[Event "FIDE World Bl Team Pool D"]
[Site "London ENG"]
[Date "2025.06.14"]
[Round "10.5"]
[White "Gaal, Zsoka"]
[Black "Lesbekova, Assel"]
[Result "1-0"]
[WhiteTitle "WGM"]
[BlackTitle "WCM"]
[WhiteElo "2391"]
[BlackElo "1948"]
[WhiteTeam "Team Hungary"]
[BlackTeam "Noval Group Kyrgyzstan"]
[WhiteFideId "777765"]
[BlackFideId "13713248"]
[EventDate "2025.06.14"]
[EventType "team"]

1. d4 d5 2. c4 e6 3. Nc3 a6 4. cxd5 exd5 5. Bf4 c6 6. e3 Nf6 7. Bd3 Bd6 8. Nge2
O-O 9. O-O Re8 10. Qc2 h6 11. Rab1 b5 12. Rbc1 a5 13. Bxd6 Qxd6 14. Ng3 Na6 15.
a3 b4 16. Na4 bxa3 17. bxa3 Qxa3 18. Ra1 Qd6 19. Nb6 Nb4 20. Qd2 Ra7 21. Nxc8
Rxc8 22. Bf5 Rb8 23. Ra4 g6 24. Bb1 Nd7 25. e4 Nb6 26. e5 Qe6 27. Ra1 Kg7 28. f4
Nc4 29. Qf2 f5 30. exf6+ Qxf6 31. f5 Rf8 32. Qf4 c5 33. dxc5 Qxa1 34. Qg4 Qf6
35. Nh5+ Kh8 36. Nxf6 Ne5 37. Qh4 Kg7 38. Ng4 Nxg4 39. Qxg4 g5 40. Qd4+ Rf6 41.
Re1 Nc6 42. Qxd5 Ne7 43. Qd4 Nc6 44. Qc3 Rf7 45. Re6 Nb4 46. Rxf6 Rxf6 47. Be4
Kf7 48. c6 Rd6 49. c7 1-0

[Event "FIDE World Bl Team Pool D"]
[Site "London ENG"]
[Date "2025.06.14"]
[Round "10.6"]
[White "Zhunusbekova, Aimonchok"]
[Black "Marton-John, Almos Kiran"]
[Result "1-0"]
[WhiteElo "1890"]
[BlackElo "1987"]
[WhiteTeam "Noval Group Kyrgyzstan"]
[BlackTeam "Team Hungary"]
[WhiteFideId "13810251"]
[BlackFideId "17013135"]
[EventDate "2025.06.14"]
[EventType "team"]

1. e4 e5 2. Nc3 Nf6 3. d4 exd4 4. Qxd4 Nc6 5. Qd3 Bb4 6. Bd2 O-O 7. O-O-O Re8 8.
f3 d6 9. g4 Ne5 10. Qe2 Bxc3 11. Bxc3 Be6 12. g5 Nfd7 13. f4 Bg4 14. Qd2 Bxd1
15. fxe5 Bh5 16. exd6 cxd6 17. Bc4 Ne5 18. Bb3 Nf3 19. Nxf3 Bxf3 20. Rf1 Bh5 21.
Qd4 Qxg5+ 22. Kb1 Re5 23. Rg1 Qe7 24. Qd3 Rg5 25. Rf1 Qe8 26. h4 Rg4 27. Bd5 Rb8
28. Qd4 Kf8 29. Qxa7 Rd8 30. Qxb7 Qd7 31. Qb4 Qe7 32. Qd4 f6 33. Qd3 Rg6 34. Qe3
Rg4 35. Re1 Qd7 36. a3 Rb8 37. Ka1 Qb5 38. Qa7 Rg3 39. Bb4 Re8 40. Bxd6+ 1-0

[Event "FIDE World Bl Team Pool D"]
[Site "London ENG"]
[Date "2025.06.14"]
[Round "10.1"]
[White "Atlas, Valery"]
[Black "Navara, David"]
[Result "0-1"]
[WhiteTitle "IM"]
[BlackTitle "GM"]
[WhiteElo "2401"]
[BlackElo "2657"]
[WhiteTeam "Perfect"]
[BlackTeam "Hetman GKS Katowice"]
[WhiteFideId "12000035"]
[BlackFideId "309095"]
[EventDate "2025.06.14"]
[EventType "team"]

1. e4 c5 2. Nf3 d6 3. d4 cxd4 4. Nxd4 Nf6 5. Nc3 a6 6. g3 e6 7. Bg2 Be7 8. O-O
Qc7 9. a4 Nc6 10. Be3 O-O 11. Qe2 Rb8 12. Rad1 Re8 13. h3 Nxd4 14. Bxd4 e5 15.
Ba7 Ra8 16. Be3 Be6 17. Nd5 Nxd5 18. exd5 Bd7 19. b3 b5 20. axb5 axb5 21. f4 Bf6
22. Qf2 Ra2 23. Rd2 e4 24. c4 Rxd2 25. Qxd2 bxc4 26. bxc4 Qxc4 27. Rc1 Qd3 28.
Qxd3 exd3 29. Kf2 Ba4 30. Bf1 Bc2 31. Bd2 Bd4+ 32. Kf3 f5 33. g4 g6 34. Re1 Rb8
35. gxf5 gxf5 36. h4 Bb3 37. Bxd3 Bxd5+ 38. Ke2 Be4 39. Rc1 Rb2 40. Rc4 Bxd3+
41. Kxd3 Bc5 42. Ra4 Kf7 43. h5 Ke6 44. Ra8 Kd5 45. Re8 Rb3+ 46. Ke2 Rh3 47. Re7
Rxh5 48. Kf3 Rh3+ 49. Kg2 Rd3 50. Be1 Re3 51. Rxe3 Bxe3 52. Kf3 Bd4 53. Bh4 Ke6
54. Bd8 Bf6 55. Ba5 Kd5 56. Be1 Kc4 57. Ke2 h5 58. Bf2 d5 0-1

[Event "FIDE World Bl Team Pool D"]
[Site "London ENG"]
[Date "2025.06.14"]
[Round "10.2"]
[White "Klimkowski, Jan"]
[Black "Slavin, Gennadie"]
[Result "1-0"]
[WhiteTitle "GM"]
[WhiteElo "2508"]
[BlackElo "2207"]
[WhiteTeam "Hetman GKS Katowice"]
[BlackTeam "Perfect"]
[WhiteFideId "21856222"]
[BlackFideId "4104870"]
[EventDate "2025.06.14"]
[EventType "team"]

1. e4 e6 2. Nf3 d5 3. Nc3 Nf6 4. e5 Nfd7 5. Ne2 c5 6. c3 c4 7. d4 cxd3 8. Nf4
Nc6 9. Nxd3 Nc5 10. Nxc5 Bxc5 11. Bd3 a5 12. O-O a4 13. Bf4 Qb6 14. Rb1 Bd7 15.
Qe2 Na7 16. b4 axb3 17. axb3 Nb5 18. Rfc1 Ba3 19. Rc2 Be7 20. Be3 Bc5 21. Bxc5
Qxc5 22. c4 Nd4 23. Qe3 Nxf3+ 24. Qxf3 Bc6 25. Qg3 O-O 26. h4 dxc4 27. Rxc4 Qe7
28. h5 Rfd8 29. Rg4 Qf8 30. Rc1 Ra2 31. Rd1 Rb2 32. Kh2 Kh8 33. Re1 Rxb3 34. Re3
Ra3 35. Be2 Rxe3 36. Qxe3 Qe7 37. h6 g6 38. Qg3 Rd5 39. Bc4 Rc5 40. Rd4 Qf8 41.
Qg5 Bd5 42. Bd3 Kg8 43. Ra4 Rc3 44. Bf1 Rc2 45. Kg1 Qb8 46. Qf6 Qf8 47. Ra8 Rc1
48. Qg7# 1-0

[Event "FIDE World Bl Team Pool D"]
[Site "London ENG"]
[Date "2025.06.14"]
[Round "10.3"]
[White "Arakhamia-Grant, Ketevan"]
[Black "Seemann, Jakub"]
[Result "0-1"]
[WhiteTitle "GM"]
[BlackTitle "IM"]
[WhiteElo "2269"]
[BlackElo "2450"]
[WhiteTeam "Perfect"]
[BlackTeam "Hetman GKS Katowice"]
[WhiteFideId "13600168"]
[BlackFideId "21874697"]
[EventDate "2025.06.14"]
[EventType "team"]

1. e4 e5 2. Nf3 Nc6 3. Bb5 a6 4. Ba4 Nf6 5. O-O Be7 6. Re1 b5 7. Bb3 O-O 8. a4
Rb8 9. d3 d6 10. h3 h6 11. Nc3 Na5 12. Ba2 b4 13. Ne2 b3 14. cxb3 Be6 15. b4
Bxa2 16. Rxa2 Nc6 17. b5 axb5 18. axb5 Rxb5 19. Nc3 Rb7 20. d4 exd4 21. Nxd4
Nxd4 22. Qxd4 Qb8 23. Qe3 Rb3 24. Qg3 Kh8 25. Qd3 Nd7 26. f4 Nc5 27. Qd5 Qb6 28.
Kh1 c6 29. Qd1 Rb8 30. Qh5 Kg8 31. Qe2 Rb4 32. Rd1 Qc7 33. Qf3 Bf6 34. Re1 Rb3
35. Ra3 R3b4 36. Ra2 Re8 37. Bd2 Bxc3 38. Bxc3 Rbxe4 39. Rea1 Qe7 40. Qg3 Ne6
41. Ra7 Qf8 42. f5 Nd4 43. f6 g6 44. Bxd4 Rxd4 45. Qf3 Rde4 46. Qc3 c5 0-1

[Event "FIDE World Bl Team Pool D"]
[Site "London ENG"]
[Date "2025.06.14"]
[Round "10.4"]
[White "Cieslak, Patryk"]
[Black "Gluhovsky, Mark"]
[Result "1-0"]
[WhiteTitle "FM"]
[WhiteElo "2442"]
[BlackElo "2224"]
[WhiteTeam "Hetman GKS Katowice"]
[BlackTeam "Perfect"]
[WhiteFideId "21078882"]
[BlackFideId "24165514"]
[EventDate "2025.06.14"]
[EventType "team"]

1. e4 c5 2. Nf3 Nc6 3. Bc4 e6 4. O-O a6 5. c3 b5 6. Bb3 c4 7. Bc2 Qc7 8. d4 cxd3
9. Qxd3 Bc5 10. Be3 Bxe3 11. Qxe3 Nf6 12. Nbd2 Bb7 13. h3 h6 14. Nb3 d6 15. Rad1
O-O 16. Rd2 Rad8 17. Rfd1 Rfe8 18. Qf4 Ne5 19. Nxe5 dxe5 20. Qe3 Rxd2 21. Rxd2
Nh5 22. Qc5 Qb8 23. Qd6 Nf4 24. Qxb8 Rxb8 25. Nc5 Bc8 26. Rd8+ Kh7 27. Nd7 g5
28. Nxb8 1-0

[Event "FIDE World Bl Team Pool D"]
[Site "London ENG"]
[Date "2025.06.14"]
[Round "10.5"]
[White "Atlas, Dmitry"]
[Black "Saduakassova, Dinara"]
[Result "1-0"]
[WhiteTitle "FM"]
[BlackTitle "IM"]
[WhiteElo "2107"]
[BlackElo "2435"]
[WhiteTeam "Perfect"]
[BlackTeam "Hetman GKS Katowice"]
[WhiteFideId "12000051"]
[BlackFideId "13700090"]
[EventDate "2025.06.14"]
[EventType "team"]

1. e4 e5 2. Nf3 Nc6 3. Bc4 Bc5 4. c3 Nf6 5. d3 a6 6. O-O d6 7. Bb3 Ba7 8. Nbd2
O-O 9. h3 h6 10. Re1 Re8 11. Nf1 Be6 12. Ng3 Qd7 13. Bxe6 Rxe6 14. Nh4 d5 15.
Qf3 Rd8 16. Nhf5 Ne7 17. Nxe7+ Qxe7 18. Nf5 Qf8 19. g4 dxe4 20. dxe4 Nh7 21. h4
Rg6 22. Kh1 Qe8 23. Rg1 Bc5 24. b4 Bf8 25. Be3 Qc6 26. Rac1 Qc4 27. g5 hxg5 28.
h5 Re6 29. Bxg5 Nxg5 30. Rxg5 Qd3 31. Qg2 Kh8 32. Rxg7 1-0

[Event "FIDE World Bl Team Pool D"]
[Site "London ENG"]
[Date "2025.06.14"]
[Round "10.1"]
[White "Kawuma, Patrick"]
[Black "Skytte, Rasmus"]
[Result "0-1"]
[WhiteTitle "FM"]
[BlackTitle "IM"]
[WhiteElo "2231"]
[BlackElo "2367"]
[WhiteTeam "Equity Bank, Kenya"]
[BlackTeam "Danish Futures"]
[WhiteFideId "10000127"]
[BlackFideId "1404210"]
[EventDate "2025.06.14"]
[EventType "team"]

1. c4 g6 2. g3 Bg7 3. Bg2 Nf6 4. Nf3 O-O 5. d4 d6 6. Nc3 Nc6 7. O-O a6 8. d5 Na5
9. Nd2 c5 10. Rb1 b5 11. b3 b4 12. Na4 Bd7 13. Nb2 Nb7 14. e4 a5 15. Nd3 a4 16.
h3 axb3 17. axb3 Ra2 18. Bb2 e5 19. dxe6 Bxe6 20. Kh2 Qb6 21. f4 Na5 22. f5 Bc8
23. fxg6 fxg6 24. e5 dxe5 25. Nxe5 Bf5 26. Rxf5 gxf5 27. Ndf3 Rd8 28. Qc1 Ne4
29. Qf4 Qe6 30. Ba1 Rf2 31. Rb2 Rxb2 32. Bxb2 Nxb3 33. g4 fxg4 34. hxg4 Nbd2 35.
Kh1 Qh6+ 36. Kg1 Qxf4 0-1

[Event "FIDE World Bl Team Pool D"]
[Site "London ENG"]
[Date "2025.06.14"]
[Round "10.2"]
[White "Kistrup, Nicolai"]
[Black "Gurevich, Artjom"]
[Result "0-1"]
[WhiteTitle "IM"]
[WhiteElo "2381"]
[BlackElo "2183"]
[WhiteTeam "Danish Futures"]
[BlackTeam "Equity Bank, Kenya"]
[WhiteFideId "1444816"]
[BlackFideId "2603870"]
[EventDate "2025.06.14"]
[EventType "team"]

1. e4 d5 2. exd5 Nf6 3. d4 Nxd5 4. Nf3 Bg4 5. Be2 e6 6. O-O Be7 7. h3 Bf5 8. c4
Nb6 9. Nc3 O-O 10. b3 Nc6 11. Bb2 Bf6 12. d5 exd5 13. c5 d4 14. Nb5 d3 15. Bxf6
gxf6 16. Nh4 dxe2 17. Qxe2 Qd3 18. Qb2 Nd7 19. Nxc7 Rac8 20. Rad1 Qe4 21. Rfe1
Qxh4 22. Nd5 Be6 23. Ne3 Nxc5 24. Rc1 Nd3 25. Qc3 Nxc1 26. Qxc1 Ne5 27. Qd1 Qg5
28. Qe2 Rfd8 0-1

[Event "FIDE World Bl Team Pool D"]
[Site "London ENG"]
[Date "2025.06.14"]
[Round "10.3"]
[White "Andiwoh, Moses"]
[Black "Nilssen, Ellen Fredericia"]
[Result "0-1"]
[BlackTitle "WIM"]
[WhiteElo "1796"]
[BlackElo "2160"]
[WhiteTeam "Equity Bank, Kenya"]
[BlackTeam "Danish Futures"]
[WhiteFideId "10801502"]
[BlackFideId "1441230"]
[EventDate "2025.06.14"]
[EventType "team"]

1. d4 d5 2. Nf3 e6 3. e3 Nf6 4. Bd3 c5 5. c3 Nc6 6. O-O Bd6 7. Nbd2 O-O 8. Re1
b6 9. Nf1 Bb7 10. Ng3 Rc8 11. Qe2 e5 12. dxe5 Nxe5 13. Nxe5 Bxe5 14. Nh5 Re8 15.
Nxf6+ Qxf6 16. Ba6 Bxa6 17. Qxa6 Re7 18. Qe2 Rce8 19. Qf3 Qd6 20. g3 b5 21. Bd2
a5 22. Rad1 b4 23. Bc1 Rd8 24. cxb4 axb4 25. b3 Ra7 26. Re2 h6 27. Red2 d4 28.
exd4 Bxd4 29. Bb2 Rxa2 30. Bxd4 Rxd2 31. Rxd2 cxd4 32. Qe4 Qc5 33. Rd3 g6 34. h4
h5 35. Qf4 Kg7 36. Rf3 Qd5 37. Rd3 Rd6 38. Kh2 Rd7 39. Kg1 Kg8 40. Kh2 Rd8 41.
Kg1 Re8 0-1